Statistiken für Alle Pokémon - Entwicklungsitems

Klicken Sie hier um das Quiz zu spielen!

Allgemein

  • Dieses Quiz wurde 24 mal gespielt
  • Das Durchschnittsergebnis liegt bei 21 aus 44

Antwortstatistiken

Bsp. PokémonItem% Korrekt
PikachuDonnerstein
100%
VulpixFeuerstein
100%
QuaputziWasserstein
100%
DuflorBlattstein
94%
SeemonDrachenhaut
89%
PorygonUp-Grade
89%
Alola - SandanEisstein
78%
♂ KirliaFunkelstein
78%
OnixMetallmantel
78%
NidorinaMondstein
78%
PerluAbyssplatte
72%
KramurxFinsterstein
72%
TogeticLeuchtstein
72%
PerluAbysszahn
67%
Porygon 2Dubiosdisc
67%
ZwirrklopDüsterumhang
67%
QuaputziKing-Stein
67%
DuflorSonnenstein
67%
ElektekStromisierer
67%
MagmarMagmaisierer
61%
WonneiraOvaler Stein
61%
SkorglaScharfzahn
61%
BarschwaSchönschuppe
56%
RizerosSchützer
56%
SniebelScharfklaue
50%
KnapfelSaurer Apfel
44%
KnapfelSüßer Apfel
44%
ParfiDuftbeutel
39%
FlauschlingSahnehäubchen
28%
Fatalitee - FälschungRissige Kanne
17%
KnapfelSaftiger Apfel
11%
Mortcha - KostbarkeitEdle Teeschale
6%
Galar - FlegmonGalarnuss -Kranz
6%
Galar - FlegmonGalarnuss -Reif
6%
Fatalitee - OriginalLöchrige Kanne
6%
Mortcha - ImitationSimple Teeschale
6%
UrsaringTorfblock
6%
DakumaUnlicht -Schriftrolle
6%
DakumaWasser -Schriftrolle
6%
KnarbonFluchrüstung
0%
KnarbonGlorienrüstung
0%
DuraludonLegierungsmetall
0%
SichlorSchwarzaugit
0%
AbraVerbindungsschnur
0%

Verteilung der Resultate

Perzentil nach korrekt beantworteten Fragen

Anzahl Personen mit jedem Resultat

Ihre Resultats-Entwicklung

Sie haben dieses Quiz noch nicht gespielt